Výstrednosť ako príklad spolupráce vysokej školy a praxe
Skúsenosti autora článku s vyučovaním predmetu Výrobkové stratégie na Obchodnej fakulte Ekonomickej univerzity v Bratislave. Aplikácia invencie a inovácie vo vzdelávaní uvedeného predmetu. Charakteristika jednotlivých krokov, ktoré autor realizoval v procese výučby - využívanie prípadových štúdií, i...
Salvato in:
| Autore principale: | |
|---|---|
| Natura: | Capitolo di libro |
| Lingua: | slovacco |
| Soggetti: | |
| Tags: |
Nessun Tag, puoi essere il primo ad aggiungerne!!
|
MARC
| LEADER | 00000nla$a2200000$$$4500 | ||
|---|---|---|---|
| 001 | 0098137 | ||
| 005 | 20240502072102.2 | ||
| 041 | 0 | |a slo | |
| 044 | |a SK | ||
| 245 | 1 | 0 | |a Výstrednosť ako príklad spolupráce vysokej školy a praxe |c Rastislav Strhan |
| 520 | |a Skúsenosti autora článku s vyučovaním predmetu Výrobkové stratégie na Obchodnej fakulte Ekonomickej univerzity v Bratislave. Aplikácia invencie a inovácie vo vzdelávaní uvedeného predmetu. Charakteristika jednotlivých krokov, ktoré autor realizoval v procese výučby - využívanie prípadových štúdií, internetová podpora výučby, vyučovanie v anglickom jazyku, hosťovské prednášky zástupcov praxe, voľba formy skúšky. Projekt Výstrednosť ako ďalší krok rozvoja prakticky orientovaného vzdelávania. | ||
| 610 | 2 | 0 | |a vzdelávanie vysokoškolské |
| 610 | 2 | 0 | |a kvalita |
| 610 | 2 | 0 | |a inovácia |
| 610 | 2 | 0 | |a predmety učebné |
| 610 | 2 | 0 | |a prax odborná |
| 610 | 2 | 0 | |a univerzity |
| 610 | 2 | 0 | |a firmy |
| 610 | 2 | 0 | |a prednášky |
| 610 | 2 | 0 | |a projekty |
| 100 | 1 | |a Strhan, Rastislav, 1968- | |